Stres v pracovnom procese bakalárska práca

Guardado en:
Detalles Bibliográficos
Autor principal: Nagyová, Iveta
Autor Corporativo: Fakulta podnikového manažmentu EU. Katedra manažmentu
Otros Autores: Matkovčíková, Natália, 1982-
Formato: Libro
Lenguaje:eslovaco
Publicado: Bratislava 2024
Etiquetas: Agregar Etiqueta
Sin Etiquetas, Sea el primero en etiquetar este registro!

MARC

LEADER 00000nbm a2200000 4500
001 0302015
005 20250210094127.3
041 0 |a slo 
044 |a SK 
245 1 0 |a Stres v pracovnom procese  |b bakalárska práca  |c Iveta Nagyová ; školiteľ: Natália Matkovčíková 
264 1 |a Bratislava  |c 2024 
300 |a 53 s. 
100 1 |a Nagyová, Iveta 
700 1 |a Matkovčíková, Natália, 1982- 
710 2 |a Fakulta podnikového manažmentu EU. Katedra manažmentu